Bridgestart Properties Ltd v London Underground Ltd (Record no. 74457)

MARC details
000 -LEADER
fixed length control field 01534cab a2200265 4500
001 - CONTROL NUMBER
control field ABS68012
008 - FIXED-LENGTH DATA ELEMENTS--GENERAL INFORMATION
fixed length control field 040714n2004 000 0 eng u
035 ## - SYSTEM CONTROL NUMBER
System control number (Sirsi) u126777
245 ## - TITLE STATEMENT
Title Bridgestart Properties Ltd v London Underground Ltd
260 ## - PUBLICATION, DISTRIBUTION, ETC.
Date of publication, distribution, etc. 2004
490 ## - SERIES STATEMENT
Series statement Rating and Valuation Reporter
Volume/sequential designation [2004] RVR 196-200(5)
520 ## - SUMMARY, ETC.
Summary, etc. [2004] EWCA Civ 793, 24 June 2004. Appeal against LT decision (ACQ/128/2002, Abs67610) which held that any action involving a claim for injurious affection brought under the Land Clauses Consolidation Act 1845 s63 was time-barred under the Limitation Act 1980. On appeal, B submitted that L was prevented from relying on the limitation point due to the existence of an estoppel by convention, equitable estoppel or waiver. After considering the evidence, CA held that no estoppel had been established which prevented L from relying on the limitation defence. LT decision upheld. Appeal dismissed. View judgment at www.bailii.org.
590 ## - LOCAL NOTE (RLIN)
Local note ABS
650 ## - SUBJECT ADDED ENTRY--TOPICAL TERM
Topical term or geographic name entry element BRIDGESTART PROPERTIES LTD V LONDON UNDERGROUND LTD
650 ## - SUBJECT ADDED ENTRY--TOPICAL TERM
Topical term or geographic name entry element LAND CLAUSES CONSOLIDATION ACT 1845 S63
650 ## - SUBJECT ADDED ENTRY--TOPICAL TERM
Topical term or geographic name entry element COMPENSATION
650 ## - SUBJECT ADDED ENTRY--TOPICAL TERM
Topical term or geographic name entry element TIME-BARRED
650 ## - SUBJECT ADDED ENTRY--TOPICAL TERM
Topical term or geographic name entry element TUNNELLING
650 ## - SUBJECT ADDED ENTRY--TOPICAL TERM
Topical term or geographic name entry element BUILT ENVIRONMENT
650 ## - SUBJECT ADDED ENTRY--TOPICAL TERM
Topical term or geographic name entry element LIMITATION ACT 1980 S9
650 ## - SUBJECT ADDED ENTRY--TOPICAL TERM
Topical term or geographic name entry element ESTOPPEL
690 ## - LOCAL SUBJECT ADDED ENTRY--TOPICAL TERM (OCLC, RLIN)
Topical term or geographic name as entry element ENVIRONMENTAL AND LAND CONSULTANCY-PLANNING AND DEVELOPMENT-COMPULSORY PURCHASE AND COMPENSATION
856 ## - ELECTRONIC LOCATION AND ACCESS
Uniform Resource Identifier <a href="https://www.bailii.org/ew/cases/EWCA/Civ/2004/793.html">https://www.bailii.org/ew/cases/EWCA/Civ/2004/793.html</a>
Public note View judgment on the BAILII website...
942 ## - ADDED ENTRY ELEMENTS (KOHA)
Suppress in OPAC 0
Holdings
Withdrawn status Lost status Source of classification or shelving scheme Damaged status Not for loan Home library Current library Shelving location Date acquired Total Checkouts Full call number Barcode Date last seen Copy number Price effective from Koha item type
    Dewey Decimal Classification     London London Journal article 14/07/2004   ABS68012 126777-1001 06/08/2019 1 06/08/2019 Law report
    Dewey Decimal Classification     Virtual Virtual Online 04/08/2004   ONLINE PUBLICATION 126777-3001 06/08/2019 1 06/08/2019 Law report